Taylor Swift trivia - Statistieken

Algemene statistieken
  • Deze quiz is 71 keer genomen
  • De gemiddelde score is 14 van 25
Antwoordstatistieken
Hint Antwoord % Correct
In which year is Taylor born? 1989
90%
What is Taylor Swift's middle name? Alison
90%
Which album did Taylor Swift write by herself, without any co-writers? Speak now
83%
What was the first album of Taylor Swift? Taylor Swift
83%
What color eyes does Taylor Swift mention in "Sparks Fly"? Green
81%
What is Taylor Swift's birthday? December, 13
75%
What famous rapper interrupted Taylor Swift’s speech at the 2009 VMA’s? Kanye West
75%
In which state is Taylor born? Pennsylvania
75%
What type of farm did Taylor Swift grow up on? A christmas tree farm
71%
What is Taylor Swift's brother's name? Austin
71%
What is Taylor’s second album? Fearless
71%
What is Taylor Swift's favorite number? 13
68%
What is Taylor Swift's mom's name? Andrea
63%
What is Taylor Swift’s favorite color? Purple
63%
What was the song name of the track she wrote for Rihanna? This Is What You Came For
59%
What is Taylor Swift's dad's name? Scott
58%
What Taylor Swift song includes the lyric: "November flush and your flannel cure"? Champagne problems
56%
What artist is Taylor Swift named after? James Taylor
46%
Which song did Taylor write for her mom? The best day
39%
Which song did Taylor write about her critics? Mean
31%
What is Taylor Swift's longest song title? We Are Never Ever Getting Back Together
27%
Taylor won her first Grammy award for which song? White horse
15%
What flavor are Taylor Swift's famous cookies? Chai Tea
14%
What show did Taylor appear on in 2009? CSI
10%
What was Taylor Swift's songwriting pseudonym when working with then-boyfriend Calvin Harris? Nils Sjoberg
7%
Geen overeenkomende quizzen gevonden
Scoreverdeling
Procent van Mensen met Elke Score
Percentiel versus Aantal Correcte Antwoorden
Uw Scoregeschiedenis
U heeft deze quiz nog niet genomen